000 00808nam a2200241Ia 4500
005 20250108124844.0
008 008 250107s9999 xx 000 0 hin d
020 _a81-7223-360-4
037 _aTB
040 _aCRL
_bhin
_cCRL
041 _ahin
_2hin
084 _aR215(Y15) 152Q7
084 _qCRL
100 _aबच्चन सिंह, ले.
245 0 _aबिहारी
_cबच्चन सिंह, ले.
260 _aनई दिल्ली, भारत
_bसाहित्य अकादमी
_c2453
300 _a60पृ0
365 _aINR
_b199
490 _aHkkjrh; lkfgR; ds fuekZrk
650 _aहिन्दी कहानीहिन्दी साहित्य
_9729733
942 _cTB
_hR215(Y15) 152Q7
999 _c1234841
_d1234841